000 004220000a22001690004500
003 MACL
005 20150705144015.0
008 150705b xxu||||| |||| 00| 0 eng d
040 _aMACL
_cMACL
041 _aEnglish
100 _aRanganathananda, Swami
_9873
245 _aEducation and Traditional Values
260 _bThe Ramakrishna Mission
_c1965
350 _a0.75
650 _aSociology
_919
942 _cBK
_k300
_2ddc
999 _c7138
_d7138